Largest Cities of MINNESOTA by First Letter - Statistics

General Stats
  • This quiz has been taken 201 times
    147 since last reset
  • The average score is 10 of 24
Answer Stats
Letter Population CITY % Correct
M 425,403 Minneapolis
99%
S 307,695 St. Paul
97%
D 85,884 Duluth
89%
R 116,961 Rochester
88%
B 85,578 Bloomington
83%
E 66,527 Eagan
65%
W 71,306 Woodbury
57%
P 79,450 Plymouth
56%
A 54,121 Apple Valley
51%
L 65,877 Lakeville
50%
C 62,527 Coon Rapids
46%
I 35,481 Inver Grove Heights
37%
F 27,742 Fridley
34%
H 22,713 Hastings
27%
Z 5,829 Zimmerman
23%
G 21,755 Golden Valley
22%
V 13,596 Vadnais Heights
20%
N 22,899 New Brighton
17%
O 28,022 Oakdale
15%
Q 129 Quamba
12%
J 6,276 Jordan
10%
T 8,804 Thief River Falls
9%
U 550 Ulen
6%
K 6,455 Kasson
5%
No matching quizzes found
Score Distribution
Percent of People with Each Score
Percentile by Number Answered
Your Score History
You have not taken this quiz since the last reset